| 000 -LEADER |
| fixed length control field |
00540cam a2200217 a 4500 |
| 008 - FIXED-LENGTH DATA ELEMENTS--GENERAL INFORMATION |
| fixed length control field |
960624s1996 caua 001 0 eng |
| 020 ## - INTERNATIONAL STANDARD BOOK NUMBER |
| International Standard Book Number |
0782118933 |
|
| International Standard Book Number |
0782116450 |
| 040 ## - CATALOGING SOURCE |
| Original cataloging agency |
DLC |
| 041 0# - LANGUAGE CODE |
| Language code of text/sound track or separate title |
eng |
| 082 00 - DEWEY DECIMAL CLASSIFICATION NUMBER |
| Classification number |
004.67 |
| Item number |
C126 |
| 100 1# - MAIN ENTRY--PERSONAL NAME |
| Personal name |
Cady, Glee Harrah. |
| 245 10 - TITLE STATEMENT |
| Title |
Mastering the Internet / |
| 250 ## - EDITION STATEMENT |
| Edition statement |
2nd ed. |
| 260 ## - PUBLICATION, DISTRIBUTION, ETC. (IMPRINT) |
| Place of publication, distribution, etc |
Delhi : |
| Name of publisher, distributor, etc |
BPB Pub, |
| Date of publication, distribution, etc |
1996. |
| 300 ## - PHYSICAL DESCRIPTION |
| Extent |
xli, 1107 p. |
| 500 ## - GENERAL NOTE |
| General note |
Include Disk. |
| 650 #0 - SUBJECT ADDED ENTRY--TOPICAL TERM |
| Topical term or geographic name as entry element |
Internet. |
| 700 1# - ADDED ENTRY--PERSONAL NAME |
| Personal name |
McGregor, Pat. |
| 942 ## - ADDED ENTRY ELEMENTS (KOHA) |
| Item type |
Books |